000 00641nam a2200253Ia 4500
005 20250425162423.0
008 250425s9999 xx 000 0 und d
020 _a9789701063767
041 _aspa
082 _a574
_pSOL
100 _aSolomon, Eldra P.
245 0 _aBiología
_cEldra P. Solomon; Linda R. Berg; Diana W. Martin
250 _a8A. ED.
260 _aMEXICO
260 _aMéxico
_bMCGRAW-HILL
_c2008
300 _a1250
650 _aDEUTEROSTOMADOS
650 _aENERGIA Y METABOLISMO
650 _aGENETICA
650 _aSISTEMAS SENSORIALES
700 _aMARTIN, DIANA W.
942 _c01
010 _a72429
999 _c228866
_d228866